|
|
|
|
| LEADER |
00822cam a2200241 7i4500 |
| 001 |
0000031120 |
| 005 |
20140317090000.0 |
| 090 |
0 |
0 |
|a MEXC 641.3
|b FRE
|
| 245 |
0 |
0 |
|a Fresh food in Mexico :
|b April 2013.
|
| 260 |
0 |
0 |
|a London:
|b Euromonitor International,
|c 2013.
|
| 300 |
# |
# |
|a 41 p.
|
| 440 |
0 |
0 |
|a Market report : April 2013
|
| 650 |
0 |
0 |
|a Food --
|x Markets --
|z Mexico
|
| 650 |
0 |
0 |
|a Eggs --
|x Markets --
|z Mexico
|
| 650 |
0 |
0 |
|a Fish --
|x Markets --
|z Mexico
|
| 650 |
0 |
0 |
|a Seafood --
|x Markets --
|z Mexico
|
| 650 |
0 |
0 |
|a Fruits --
|x Markets --
|z Mexico
|
| 650 |
0 |
0 |
|a Meat --
|x Markets --
|z Mexico
|
| 650 |
0 |
0 |
|a Nuts --
|x Markets --
|z Mexico
|
| 650 |
0 |
0 |
|a Vegetables --
|x Markets --
|z Mexico
|
| 650 |
0 |
0 |
|a Sugar --
|x Markets --
|z Mexico
|
| 651 |
0 |
0 |
|a Mexico
|
| 999 |
|
|
|a B000033940
|b Book
|c Countries
|e Business Information Centre
|